| 000 | 01057nam0a22003131 4500 | ||
|---|---|---|---|
| 001 | RU\INFOCOMM_322\NLR\5000239571 | ||
| 005 | 20250613112512.0 | ||
| 035 | _a(NLR Aleph) 009612210 | ||
| 090 |
_a9379225 _c9379225 |
||
| 100 | _a20130317d1959 |||y0rusy50 ca | ||
| 101 | 0 | _aeng | |
| 102 | _aRU | ||
| 105 | _ay z ||||| | ||
| 200 | 1 |
_aShort stories and poems _f[Comp., pref. and comment. by M. V. Lagunova] |
|
| 210 |
_aM. _cForeign languages publ. house _d1959 |
||
| 215 |
_a182 с. _d20 см |
||
| 300 | _aПредисл. на рус. яз. | ||
| 300 | _aНа обл. и корешке загл.: Little Curtis | ||
| 300 | _aВ вып. дан. в русском переводе загл.: Маленький Кэртис и другие рассказы | ||
| 512 | 1 | _aLittle Curtis | |
| 516 | 1 | _aLittle Curtis | |
| 620 | _aМосква | ||
| 686 |
_aЛх1808 _2rubbk |
||
| 700 | 1 |
_aParker _bD. _f1893-1967 _gDorothy |
|
| 801 | 1 |
_aRU _bInfocomm _c20130317 |
|
| 801 | 0 |
_aRU _bINFOCOMM _gPSBO |
|
| 852 |
_aNLR _jЛ61 Г-3/5172 |
||
| 942 | _cBOOK | ||
| 980 | _aNB | ||